000 00676nam a2200229Ia 4500
003 OSt
005 20220925212453.0
006 a|||||r|||| 00| 0
007 ta
008 220923b |||||||| |||| 00| 0 eng d
037 _cGeneral Book
040 _aRTL
_cRTL
_beng
041 _2eng
_aeng
082 _aX62.55.N2, L7
100 _aStern Fritz
_9276863
245 0 _aGold and iron
_b Bismarck, Bleichroder and the building of the German Empire
260 _aLondon
_bAllen & Unwin UK
_c1977
300 _axxiv, 620p.
_ccm.
650 _aOther Countries
_9231018
942 _hX62.55.N2, L7
_cGB
_2CC
999 _c560458
_d560458